[Event "Tournoi International du Pays de Charleroi 2018"]
[Site "Roux, Belgium"]
[Date "2018.07.31"]
[Round "5.12"]
[White "Dauw, Sterre"]
[Black "De Block, Yordi"]
[Result "1/2-1/2"]
[WhiteElo "2192"]
[BlackElo "2129"]

1. e4 {[%clk 01:30:57]} {[%emt 00:00:02]} e5 {[%clk 01:30:57]} {[%emt
00:00:05]} 2. Nf3 {[%clk 01:31:23]} {[%emt 00:00:03]} Nf6 {[%clk 01:31:23]}
{[%emt 00:00:04]} 3. Nxe5 {[%clk 01:31:46]} {[%emt 00:00:06]} d6 {[%clk
01:31:50]} {[%emt 00:00:04]} 4. Nf3 {[%clk 01:32:10]} {[%emt 00:00:06]} Nxe4
{[%clk 01:32:15]} {[%emt 00:00:05]} 5. d4 {[%clk 01:32:35]} {[%emt 00:00:05]}
d5 {[%clk 01:32:39]} {[%emt 00:00:06]} 6. Bd3 {[%clk 01:33:01]} {[%emt
00:00:03]} Be7 {[%clk 01:32:39]} {[%emt 00:00:31]} 7. O-O {[%clk 01:32:45]}
{[%emt 00:00:45]} O-O {[%clk 01:32:38]} {[%emt 00:00:30]} 8. c4 {[%clk
01:33:10]} {[%emt 00:00:06]} c6 {[%clk 01:33:05]} {[%emt 00:00:04]} 9. Nc3
{[%clk 01:33:35]} {[%emt 00:00:05]} Nxc3 {[%clk 01:30:47]} {[%emt 00:02:48]} 10.
bxc3 {[%clk 01:33:43]} {[%emt 00:00:22]} dxc4 {[%clk 01:30:17]} {[%emt
00:01:00]} 11. Bxc4 {[%clk 01:34:00]} {[%emt 00:00:11]} Bg4 {[%clk 01:30:37]}
{[%emt 00:00:10]} 12. Be2 {[%clk 01:20:33]} {[%emt 00:13:57]} Nd7 {[%clk
01:30:41]} {[%emt 00:00:27]} 13. c4 {[%clk 01:20:49]} {[%emt 00:00:15]} Bf6
{[%clk 01:29:40]} {[%emt 00:01:30]} 14. Be3 {[%clk 01:17:03]} {[%emt 00:04:17]}
c5 {[%clk 01:27:53]} {[%emt 00:02:17]} 15. Rc1 {[%clk 01:16:34]} {[%emt
00:00:58]} cxd4 {[%clk 01:28:14]} {[%emt 00:00:10]} 16. Nxd4 {[%clk 01:16:57]}
{[%emt 00:00:06]} Bxe2 {[%clk 01:28:38]} {[%emt 00:00:06]} 17. Qxe2 {[%clk
01:17:13]} {[%emt 00:00:14]} Re8 {[%clk 01:25:35]} {[%emt 00:03:33]} 18. Qf3
{[%clk 01:09:19]} {[%emt 00:08:24]} Qb8 {[%clk 01:11:42]} {[%emt 00:14:23]} 19.
Rb1 {[%clk 01:05:04]} {[%emt 00:04:45]} Ne5 {[%clk 01:11:32]} {[%emt 00:00:41]}
20. Qd5 {[%clk 01:02:58]} {[%emt 00:02:34]} Ng4 {[%clk 01:11:28]} {[%emt
00:00:35]} 21. Nf3 {[%clk 01:00:35]} {[%emt 00:02:53]} Nxe3 {[%clk 01:10:11]}
{[%emt 00:01:47]} 22. fxe3 {[%clk 01:00:33]} {[%emt 00:00:32]} Re7 {[%clk
01:06:16]} {[%emt 00:04:26]} 23. e4 {[%clk 00:59:15]} {[%emt 00:01:47]} Qd8
{[%clk 00:49:26]} {[%emt 00:17:20]} 24. e5 {[%clk 00:55:56]} {[%emt 00:03:49]}
Qxd5 {[%clk 00:49:48]} {[%emt 00:00:08]} 25. cxd5 {[%clk 00:56:22]} {[%emt
00:00:05]} Bxe5 {[%clk 00:50:14]} {[%emt 00:00:03]} 26. Nxe5 {[%clk 00:56:05]}
{[%emt 00:00:47]} Rxe5 {[%clk 00:50:43]} {[%emt 00:00:02]} 27. Rxb7 {[%clk
00:56:26]} {[%emt 00:00:09]} f6 {[%clk 00:50:08]} {[%emt 00:01:04]} 28. Rd1
{[%clk 00:56:14]} {[%emt 00:00:41]} Rd8 {[%clk 00:48:52]} {[%emt 00:01:47]} 29.
d6 {[%clk 00:55:11]} {[%emt 00:01:33]} Re6 {[%clk 00:49:20]} {[%emt 00:00:02]}
30. d7 {[%clk 00:54:54]} {[%emt 00:00:48]} a6 {[%clk 00:49:45]} {[%emt
00:00:04]} 31. Ra7 {[%clk 00:51:26]} {[%emt 00:03:58]} 1/2-1/2

[Event "Tournoi International du Pays de Charleroi 2018"]
[Site "Roux, Belgium"]
[Date "2018.07.31"]
[Round "5.14"]
[White "Goormachtigh, Johan"]
[Black "Guion, Geoffrey"]
[Result "1-0"]
[WhiteElo "2148"]
[BlackElo "1988"]

1. d4 {[%clk 01:30:56]} {[%emt 00:00:03]} Nf6 {[%clk 01:30:53]} {[%emt
00:00:06]} 2. c4 {[%clk 01:31:13]} {[%emt 00:00:15]} g6 {[%clk 01:31:17]}
{[%emt 00:00:05]} 3. Nc3 {[%clk 01:31:15]} {[%emt 00:00:28]} Bg7 {[%clk
01:31:41]} {[%emt 00:00:05]} 4. e4 {[%clk 01:30:44]} {[%emt 00:01:02]} d6
{[%clk 01:32:04]} {[%emt 00:00:06]} 5. Be2 {[%clk 01:30:58]} {[%emt 00:00:17]}
O-O {[%clk 01:32:26]} {[%emt 00:00:08]} 6. Nf3 {[%clk 01:30:49]} {[%emt
00:00:40]} e5 {[%clk 01:32:49]} {[%emt 00:00:06]} 7. Be3 {[%clk 01:29:54]}
{[%emt 00:01:25]} Na6 {[%clk 01:32:52]} {[%emt 00:00:27]} 8. O-O {[%clk
01:28:33]} {[%emt 00:01:52]} Ng4 {[%clk 01:32:14]} {[%emt 00:01:07]} 9. Bg5
{[%clk 01:27:52]} {[%emt 00:01:11]} Qe8 {[%clk 01:31:46]} {[%emt 00:00:57]} 10.
dxe5 {[%clk 01:26:10]} {[%emt 00:02:13]} dxe5 {[%clk 01:31:05]} {[%emt
00:01:11]} 11. h3 {[%clk 01:25:36]} {[%emt 00:01:05]} f6 {[%clk 01:30:18]}
{[%emt 00:01:16]} 12. Bd2 {[%clk 01:24:50]} {[%emt 00:01:16]} Nh6 {[%clk
01:30:23]} {[%emt 00:00:25]} 13. Be3 {[%clk 01:25:15]} {[%emt 00:00:06]} c6
{[%clk 01:29:36]} {[%emt 00:01:16]} 14. Rb1 {[%clk 01:15:31]} {[%emt 00:10:14]}
Qe7 {[%clk 01:27:37]} {[%emt 00:02:28]} 15. c5 {[%clk 01:09:46]} {[%emt
00:06:16]} Be6 {[%clk 01:22:46]} {[%emt 00:05:20]} 16. Bxa6 {[%clk 00:56:33]}
{[%emt 00:13:45]} bxa6 {[%clk 01:22:38]} {[%emt 00:00:37]} 17. Qa4 {[%clk
00:56:58]} {[%emt 00:00:05]} Qb7 {[%clk 01:20:18]} {[%emt 00:02:50]} 18. Nd2
{[%clk 00:51:43]} {[%emt 00:05:46]} Nf7 {[%clk 01:14:14]} {[%emt 00:06:34]} 19.
Nc4 {[%clk 00:51:32]} {[%emt 00:00:40]} Rfc8 {[%clk 01:12:36]} {[%emt
00:02:08]} 20. Rfd1 {[%clk 00:43:57]} {[%emt 00:08:05]} Bf8 {[%clk 01:10:18]}
{[%emt 00:02:48]} 21. Rd2 {[%clk 00:38:30]} {[%emt 00:05:57]} Rc7 {[%clk
00:52:10]} {[%emt 00:18:37]} 22. Rbd1 {[%clk 00:32:23]} {[%emt 00:06:39]} Rb8
{[%clk 00:44:57]} {[%emt 00:07:42]} 23. b3 {[%clk 00:26:05]} {[%emt 00:06:48]}
Qb4 {[%clk 00:42:57]} {[%emt 00:02:30]} 24. Qxb4 {[%clk 00:25:59]} {[%emt
00:00:37]} Rxb4 {[%clk 00:43:20]} {[%emt 00:00:06]} 25. Nd6 {[%clk 00:26:13]}
{[%emt 00:00:16]} Rb8 {[%clk 00:39:46]} {[%emt 00:04:03]} 26. Na4 {[%clk
00:25:13]} {[%emt 00:01:32]} Rd7 {[%clk 00:36:37]} {[%emt 00:03:38]} 27. f3
{[%clk 00:17:31]} {[%emt 00:08:12]} Rbd8 {[%clk 00:32:33]} {[%emt 00:04:34]} 28.
Nxf7 {[%clk 00:14:53]} {[%emt 00:03:08]} Rxd2 {[%clk 00:29:36]} {[%emt
00:03:26]} 29. Rxd2 {[%clk 00:15:12]} {[%emt 00:00:12]} Rxd2 {[%clk 00:29:40]}
{[%emt 00:00:25]} 30. Bxd2 {[%clk 00:15:41]} {[%emt 00:00:02]} Kxf7 {[%clk
00:28:56]} {[%emt 00:01:13]} 31. Ba5 {[%clk 00:16:06]} {[%emt 00:00:06]} Bh6
{[%clk 00:20:52]} {[%emt 00:08:33]} 32. Kf2 {[%clk 00:15:58]} {[%emt 00:00:38]}
Ke7 {[%clk 00:19:33]} {[%emt 00:01:50]} 33. Bc7 {[%clk 00:15:46]} {[%emt
00:00:43]} Kd7 {[%clk 00:18:54]} {[%emt 00:01:08]} 34. Bb8 {[%clk 00:16:01]}
{[%emt 00:00:15]} Bd2 {[%clk 00:16:06]} {[%emt 00:03:18]} 35. Bxa7 {[%clk
00:16:12]} {[%emt 00:00:19]} Kc7 {[%clk 00:11:56]} {[%emt 00:04:40]} 36. Bb6+
{[%clk 00:16:16]} {[%emt 00:00:27]} Kb7 {[%clk 00:10:03]} {[%emt 00:02:22]} 37.
Ke2 {[%clk 00:14:17]} {[%emt 00:02:29]} Bf4 {[%clk 00:06:32]} {[%emt 00:04:00]}
38. Nb2 {[%clk 00:13:51]} {[%emt 00:00:57]} Bh2 {[%clk 00:05:21]} {[%emt
00:01:41]} 39. Bd8 {[%clk 00:11:43]} {[%emt 00:02:39]} f5 {[%clk 00:05:05]}
{[%emt 00:00:46]} 40. Nd3 {[%clk 00:11:38]} {[%emt 00:00:34]} fxe4 {[%clk
00:03:20]} {[%emt 00:02:15]} 41. fxe4 {[%clk 00:12:07]} {[%emt 00:00:01]} Bg1
{[%clk 00:02:09]} {[%emt 00:01:40]} 42. Bf6 {[%clk 00:02:20]} {[%emt 00:10:17]}
a5 {[%clk 00:29:10]} {[%emt 00:03:30]} 43. Kd2 {[%clk 00:23:39]} {[%emt
00:09:11]} a4 {[%clk 00:28:18]} {[%emt 00:01:22]} 44. Kc3 {[%clk 00:16:15]}
{[%emt 00:07:54]} axb3 {[%clk 00:26:52]} {[%emt 00:01:56]} 45. axb3 {[%clk
00:16:37]} {[%emt 00:00:08]} Be3 {[%clk 00:22:54]} {[%emt 00:04:28]} 46. Bxe5
{[%clk 00:16:06]} {[%emt 00:01:01]} h5 {[%clk 00:20:23]} {[%emt 00:03:01]} 47.
Bf4 {[%clk 00:13:26]} {[%emt 00:03:10]} Bg1 {[%clk 00:18:52]} {[%emt 00:02:00]}
48. b4 {[%clk 00:11:31]} {[%emt 00:02:26]} Bf7 {[%clk 00:18:51]} {[%emt
00:00:31]} 49. Ne5 {[%clk 00:11:35]} {[%emt 00:00:26]} Be8 {[%clk 00:19:12]}
{[%emt 00:00:09]} 50. Nf3 {[%clk 00:05:47]} {[%emt 00:06:18]} Bf2 {[%clk
00:19:15]} {[%emt 00:00:26]} 51. Be5 {[%clk 00:04:31]} {[%emt 00:01:47]} Kc8
{[%clk 00:18:52]} {[%emt 00:00:53]} 52. Bd4 {[%clk 00:04:51]} {[%emt 00:00:10]}
Bg3 {[%clk 00:18:54]} {[%emt 00:00:27]} 53. Kb3 {[%clk 00:05:14]} {[%emt
00:00:08]} Bf4 {[%clk 00:17:59]} {[%emt 00:01:24]} 54. Ka4 {[%clk 00:05:29]}
{[%emt 00:00:16]} g5 {[%clk 00:15:20]} {[%emt 00:03:09]} 55. Be5 {[%clk
00:05:04]} {[%emt 00:00:55]} g4 {[%clk 00:09:29]} {[%emt 00:06:21]} 56. Bxf4
{[%clk 00:04:24]} {[%emt 00:01:11]} gxf3 {[%clk 00:09:49]} {[%emt 00:00:09]} 57.
gxf3 {[%clk 00:04:53]} {[%emt 00:00:01]} Bd7 {[%clk 00:07:35]} {[%emt
00:02:44]} 58. h4 {[%clk 00:03:12]} {[%emt 00:02:11]} Bh3 {[%clk 00:05:18]}
{[%emt 00:02:46]} 59. Ka5 {[%clk 00:03:18]} {[%emt 00:00:25]} Bf1 {[%clk
00:00:37]} {[%emt 00:05:11]} 60. Kb6 {[%clk 00:03:29]} {[%emt 00:00:19]} Kd7
{[%clk 00:00:44]} {[%emt 00:00:23]} 61. Bd6 {[%clk 00:02:53]} {[%emt 00:01:06]}
Bb5 {[%clk 00:00:35]} {[%emt 00:00:39]} 62. f4 {[%clk 00:02:53]} {[%emt
00:00:30]} Ke6 {[%clk 00:00:35]} {[%emt 00:00:29]} 63. f5 {[%clk 00:02:56]}
{[%emt 00:00:28]} Kd7 {[%clk 00:00:34]} {[%emt 00:00:30]} 64. e5 {[%clk
00:03:09]} {[%emt 00:00:18]} Ba4 {[%clk 00:00:33]} {[%emt 00:00:31]} 65. e6+
{[%clk 00:03:33]} {[%emt 00:00:06]} 1-0

[Event "Tournoi International du Pays de Charleroi 2018"]
[Site "Roux, Belgium"]
[Date "2018.07.31"]
[Round "5.9"]
[White "Maddens, Martijn"]
[Black "Le Quang, Kim"]
[Result "1-0"]
[BlackTitle "FM"]
[WhiteElo "2141"]
[BlackElo "2261"]

1. e4 {[%clk 01:30:57]} {[%emt 00:00:02]} g6 {[%clk 01:30:42]} {[%emt
00:00:18]} 2. d4 {[%clk 01:31:16]} {[%emt 00:00:11]} Bg7 {[%clk 01:31:07]}
{[%emt 00:00:05]} 3. Nc3 {[%clk 01:31:43]} {[%emt 00:00:04]} d6 {[%clk
01:31:30]} {[%emt 00:00:07]} 4. f4 {[%clk 01:32:10]} {[%emt 00:00:03]} a6
{[%clk 01:31:32]} {[%emt 00:00:29]} 5. Nf3 {[%clk 01:32:33]} {[%emt 00:00:06]}
b5 {[%clk 01:31:31]} {[%emt 00:00:31]} 6. Bd3 {[%clk 01:32:52]} {[%emt
00:00:11]} Nd7 {[%clk 01:31:35]} {[%emt 00:00:26]} 7. e5 {[%clk 01:29:15]}
{[%emt 00:04:07]} c5 {[%clk 01:30:57]} {[%emt 00:01:08]} 8. Be3 {[%clk
01:26:58]} {[%emt 00:02:46]} Nh6 {[%clk 01:28:34]} {[%emt 00:02:53]} 9. dxc5
{[%clk 01:16:18]} {[%emt 00:11:10]} Ng4 {[%clk 01:13:02]} {[%emt 00:16:03]} 10.
Qe2 {[%clk 01:04:21]} {[%emt 00:12:27]} Nxe3 {[%clk 01:09:37]} {[%emt
00:03:55]} 11. Qxe3 {[%clk 01:04:48]} {[%emt 00:00:03]} Nxc5 {[%clk 01:09:17]}
{[%emt 00:00:50]} 12. O-O-O {[%clk 01:02:47]} {[%emt 00:02:31]} O-O {[%clk
01:06:33]} {[%emt 00:03:13]} 13. Ne4 {[%clk 00:58:11]} {[%emt 00:05:06]} Na4
{[%clk 00:51:46]} {[%emt 00:15:18]} 14. h4 {[%clk 00:44:20]} {[%emt 00:14:21]}
Qa5 {[%clk 00:46:23]} {[%emt 00:05:52]} 15. h5 {[%clk 00:41:59]} {[%emt
00:02:51]} Qb4 {[%clk 00:32:57]} {[%emt 00:13:57]} 16. Qd4 {[%clk 00:37:33]}
{[%emt 00:04:57]} Qxd4 {[%clk 00:33:10]} {[%emt 00:00:17]} 17. Nxd4 {[%clk
00:37:57]} {[%emt 00:00:06]} Bb7 {[%clk 00:26:02]} {[%emt 00:07:38]} 18. Nf3
{[%clk 00:34:08]} {[%emt 00:04:18]} Rac8 {[%clk 00:23:40]} {[%emt 00:02:52]} 19.
hxg6 {[%clk 00:30:11]} {[%emt 00:04:27]} hxg6 {[%clk 00:23:50]} {[%emt
00:00:20]} 20. Neg5 {[%clk 00:30:25]} {[%emt 00:00:15]} dxe5 {[%clk 00:13:25]}
{[%emt 00:10:55]} 21. fxe5 {[%clk 00:29:48]} {[%emt 00:01:07]} Nc5 {[%clk
00:13:36]} {[%emt 00:00:19]} 22. e6 {[%clk 00:24:14]} {[%emt 00:06:04]} f5
{[%clk 00:12:19]} {[%emt 00:01:47]} 23. Rhe1 {[%clk 00:23:00]} {[%emt
00:01:45]} Rfd8 {[%clk 00:09:00]} {[%emt 00:03:49]} 24. Kb1 {[%clk 00:22:29]}
{[%emt 00:01:00]} Rd5 {[%clk 00:05:04]} {[%emt 00:04:27]} 25. Nf7 {[%clk
00:18:57]} {[%emt 00:04:02]} Ne4 {[%clk 00:01:21]} {[%emt 00:04:13]} 26. Nh4
{[%clk 00:16:24]} {[%emt 00:03:03]} Kh7 {[%clk 00:00:53]} {[%emt 00:00:58]} 27.
Rh1 {[%clk 00:16:46]} {[%emt 00:00:07]} Nf2 {[%clk 00:01:03]} {[%emt 00:00:20]}
28. Nxf5 {[%clk 00:17:11]} {[%emt 00:00:06]} Kg8 {[%clk 00:01:27]} {[%emt
00:00:06]} 29. Nxe7+ {[%clk 00:17:26]} {[%emt 00:00:15]} Kf8 {[%clk 00:01:53]}
{[%emt 00:00:03]} 30. Nxd5 {[%clk 00:15:17]} {[%emt 00:02:39]} Nxh1 {[%clk
00:02:17]} {[%emt 00:00:06]} 31. Nb6 {[%clk 00:12:46]} {[%emt 00:03:02]} Rc6
{[%clk 00:02:26]} {[%emt 00:00:21]} 32. Nd7+ {[%emt 00:01:38]} Ke7 {[%emt
00:00:06]} 33. Rxh1 {[%clk 00:10:25]} {[%emt 00:01:06]} Rxe6 {[%clk 00:02:30]}
{[%emt 00:00:26]} 34. Nc5 {[%clk 00:09:54]} {[%emt 00:01:01]} Bxg2 {[%clk
00:02:36]} {[%emt 00:00:24]} 35. Nxe6 {[%clk 00:10:02]} {[%emt 00:00:23]} Bxh1
{[%clk 00:03:02]} {[%emt 00:00:03]} 36. Nfg5 {[%clk 00:05:17]} {[%emt
00:05:15]} Bh6 {[%clk 00:03:15]} {[%emt 00:00:17]} 37. Bxg6 {[%clk 00:05:42]}
{[%emt 00:00:05]} Kf6 {[%clk 00:03:31]} {[%emt 00:00:13]} 38. Be4 {[%clk
00:06:06]} {[%emt 00:00:06]} Bxe4 {[%clk 00:03:44]} {[%emt 00:00:17]} 39. Nxe4+
{[%clk 00:06:35]} {[%emt 00:00:02]} Kxe6 {[%clk 00:04:10]} {[%emt 00:00:04]} 40.
Nc5+ {[%clk 00:06:57]} {[%emt 00:00:08]} Kd5 {[%clk 00:04:27]} {[%emt
00:00:13]} 41. Nxa6 {[%clk 00:07:25]} {[%emt 00:00:02]} 1-0

[Event "Tournoi International du Pays de Charleroi 2018"]
[Site "Roux, Belgium"]
[Date "2018.07.31"]
[Round "5.8"]
[White "Terryn, Ezra"]
[Black "Decrop, Benjamin"]
[Result "0-1"]
[WhiteElo "2007"]
[BlackElo "2207"]

1. e4 {[%clk 01:30:52]} {[%emt 00:00:07]} c5 {[%clk 01:30:57]} {[%emt
00:00:04]} 2. d4 {[%clk 01:30:44]} {[%emt 00:00:38]} cxd4 {[%clk 01:31:22]}
{[%emt 00:00:05]} 3. c3 {[%clk 01:31:11]} {[%emt 00:00:02]} d3 {[%clk
01:31:49]} {[%emt 00:00:05]} 4. Bxd3 {[%clk 01:31:28]} {[%emt 00:00:12]} Nc6
{[%clk 01:32:16]} {[%emt 00:00:03]} 5. c4 {[%clk 01:31:51]} {[%emt 00:00:06]}
g6 {[%clk 01:32:42]} {[%emt 00:00:05]} 6. Nf3 {[%clk 01:32:08]} {[%emt
00:00:13]} Bg7 {[%clk 01:33:06]} {[%emt 00:00:06]} 7. O-O {[%clk 01:32:26]}
{[%emt 00:00:13]} d6 {[%clk 01:33:26]} {[%emt 00:00:09]} 8. h3 {[%clk
01:32:50]} {[%emt 00:00:06]} Nf6 {[%clk 01:33:53]} {[%emt 00:00:04]} 9. Nc3
{[%clk 01:33:13]} {[%emt 00:00:07]} O-O {[%clk 01:34:16]} {[%emt 00:00:06]} 10.
Be3 {[%clk 01:33:23]} {[%emt 00:00:19]} Nd7 {[%clk 01:34:37]} {[%emt 00:00:10]}
11. Rc1 {[%clk 01:25:33]} {[%emt 00:08:20]} Nde5 {[%clk 01:31:43]} {[%emt
00:03:25]} 12. b3 {[%clk 01:22:07]} {[%emt 00:03:56]} Qa5 {[%clk 01:20:07]}
{[%emt 00:12:06]} 13. Nxe5 Nxe5 14. Bd4 {[%clk 01:05:44]} {[%emt 00:00:02]}
Nf3+ {[%clk 00:59:41]} {[%emt 00:01:57]} 15. Qxf3 {[%clk 01:06:06]} {[%emt
00:00:08]} Bxd4 {[%clk 01:00:07]} {[%emt 00:00:04]} 16. Bb1 {[%clk 01:06:16]}
{[%emt 00:00:20]} Be6 {[%clk 00:51:03]} {[%emt 00:09:35]} 17. Qd3 {[%clk
01:00:43]} {[%emt 00:06:01]} Bxc3 {[%clk 00:44:45]} {[%emt 00:06:49]} 18. Rxc3
{[%clk 00:43:25]} {[%emt 00:17:48]} Rac8 {[%clk 00:43:57]} {[%emt 00:01:17]} 19.
Rcc1 {[%clk 00:40:44]} {[%emt 00:03:12]} a6 {[%clk 00:34:14]} {[%emt 00:10:13]}
20. f4 {[%clk 00:34:42]} {[%emt 00:06:31]} Bd7 {[%clk 00:27:58]} {[%emt
00:06:47]} 21. f5 {[%clk 00:28:24]} {[%emt 00:06:47]} b5 {[%clk 00:27:08]}
{[%emt 00:01:20]} 22. c5 {[%clk 00:27:27]} {[%emt 00:01:27]} Rxc5 {[%clk
00:25:20]} {[%emt 00:02:19]} 23. Rxc5 {[%clk 00:26:57]} {[%emt 00:01:00]} Qb6
{[%clk 00:25:45]} {[%emt 00:00:05]} 24. b4 {[%clk 00:25:58]} {[%emt 00:01:28]}
Bc6 {[%clk 00:24:46]} {[%emt 00:01:29]} 25. e5 {[%clk 00:19:50]} {[%emt
00:06:39]} dxc5 {[%clk 00:22:43]} {[%emt 00:02:33]} 26. Qe3 {[%clk 00:20:06]}
{[%emt 00:00:13]} Qd8 {[%clk 00:17:16]} {[%emt 00:05:58]} 27. Qh6 {[%clk
00:14:44]} {[%emt 00:05:52]} Qd5 {[%clk 00:14:45]} {[%emt 00:03:01]} 28. Rf3
{[%clk 00:12:37]} {[%emt 00:02:35]} Qd4+ {[%clk 00:11:46]} {[%emt 00:03:30]} 29.
Re3 {[%clk 00:07:57]} {[%emt 00:05:10]} Qb2 {[%clk 00:11:34]} {[%emt 00:00:43]}
30. Be4 {[%clk 00:01:31]} {[%emt 00:06:56]} Bxe4 {[%clk 00:11:56]} {[%emt
00:00:08]} 31. Rxe4 {[%clk 00:01:56]} {[%emt 00:00:05]} Qb1+ {[%clk 00:12:19]}
{[%emt 00:00:07]} 32. Kf2 {[%clk 00:02:08]} {[%emt 00:00:18]} Qxe4 {[%clk
00:12:42]} {[%emt 00:00:07]} 33. f6 {[%clk 00:02:33]} {[%emt 00:00:05]} exf6
{[%clk 00:13:05]} {[%emt 00:00:07]} 34. exf6 {[%clk 00:02:59]} {[%emt
00:00:04]} Qf5+ {[%clk 00:13:29]} {[%emt 00:00:39]} 0-1